000 00460nam a2200169Ia 4500
008 231221s9999 xx 000 0 und d
041 _aEnglish
082 _a647 KIR;1 R
100 _aKivela, Jaksa Jack
245 0 _aPurchasing for the hospitality industry
260 _c1989
_bEdward Arnold Publ.
_aMelbourne
300 _ax+246
500 _aE.-509
650 _aHotel management-Purchasing
650 _aHotel management-Purchasing
942 _cHM
999 _c207913
_d207913